[Event "Benasque op 39th"]
[Site "Benasque"]
[Date "2019.07.04"]
[Round "1"]
[White "Martinez Alcantara, Jose Eduardo"]
[Black "Gonzalez Manchon, Juan Miguel"]
[Result "1-0"]
[WhiteElo "2601"]
[BlackElo "1961"]
[PlyCount "67"]
[EventDate "2019.07.04"]
[EventType "swiss"]
[EventRounds "10"]
[EventCountry "ESP"]
[SourceTitle "EXT 2020"]
[Source "ChessBase"]
[SourceDate "2019.10.17"]
[SourceVersion "1"]
[SourceVersionDate "2019.10.17"]
[SourceQuality "1"]

1. c4 g6 2. Nf3 Bg7 3. d4 Nf6 4. g3 0-0 5. Bg2 d6 6. 0-0 Nc6 7. Nc3 a6 8. Bf4 Nxd4 9. Qxd4 e5 10. Nxe5 dxe5 11. Bxe5 c6 12. Rad1 Bf5 13. e4 Bg4 14. f3 Be6 15. c5 Qxd4+ 16. Rxd4 Nd5 17. Bxg7 Nxc3 18. bxc3 Kxg7 19. a3 Rae8 20. f4 f6 21. h4 Re7 22. Kh2 Rfe8 23. Rb1 g5 24. hxg5 fxg5 25. Rf1 Bc8 26. Rd6 Rf7 27. e5 Ref8 28. e6 Rf6 29. Bh3 Rh6 30. Kg2 gxf4 31. gxf4 Rh5 32. Bg4 Rxc5 33. e7 Bxg4 34. Rd8 1-0

[Event "ESP-ch 80th"]
[Site "Linares"]
[Date "2015.08.25"]
[Round "3"]
[White "Tudela Corbalan, Carlos"]
[Black "Gonzalez Manchon, Juan Miguel"]
[Result "0-1"]
[WhiteElo "2169"]
[BlackElo "1973"]
[PlyCount "80"]
[EventDate "2015.08.23"]
[EventType "swiss"]
[EventRounds "9"]
[EventCountry "ESP"]
[SourceTitle "EXT 2016"]
[Source "ChessBase"]
[SourceDate "2015.10.08"]
[SourceVersion "1"]
[SourceVersionDate "2015.10.08"]
[SourceQuality "1"]

1. b3 Nf6 2. Bb2 g6 3. f4 Bg7 4. Nf3 0-0 5. e3 c5 6. g3 Nc6 7. Bg2 d5 8. 0-0 d4 9. Na3 Bf5 10. Nc4 Nb4 11. c3 Nd3 12. Nfe5 Nxb2 13. Nxb2 Be4 14. Na4 Bxg2 15. Kxg2 b5 16. Nb2 Qd5+ 17. Qf3 dxc3 18. dxc3 Qd2+ 19. Rf2 Qxc3 20. Rd1 Rad8 21. Nc6 Rxd1 22. Nxd1 Qd3 23. Nxe7+ Kh8 24. Rf1 Ne4 25. Re1 Qd2+ 26. Kf1 f5 27. Nf2 Nxf2 28. Qxf2 Qd6 29. e4 Bd4 30. Qf3 Qxe7 31. exf5 Qd7 32. fxg6 Qh3+ 33. Ke2 Qxh2+ 34. Kd3 Qxa2 35. Qd5 Bg7 36. Re6 c4+ 37. bxc4 bxc4+ 38. Ke3 Qb3+ 39. Ke2 Qxg3 40. f5 Qg4+ 0-1

[Event "Figueres op 12th"]
[Site "Figueres"]
[Date "2011.08.15"]
[Round "6"]
[White "Ragueneau, Yann Klemens"]
[Black "Gonzalez Manchon, Juan Miguel"]
[Result "0-1"]
[WhiteElo "1414"]
[BlackElo "2069"]
[PlyCount "62"]
[EventDate "2011.08.11"]
[EventType "swiss"]
[EventRounds "9"]
[EventCountry "ESP"]
[SourceTitle "CBM 143 Extra"]
[Source "ChessBase"]
[SourceDate "2011.08.29"]
[SourceVersion "1"]
[SourceVersionDate "2011.08.29"]
[SourceQuality "1"]

1. e4 e5 2. Nf3 Nc6 3. Bc4 Nf6 4. Ng5 d5 5. exd5 Nd4 6. c3 b5 7. Bb3 Nxb3 8. Qxb3 Qxd5 9. Qxd5 Nxd5 10. 0-0 f6 11. Ne4 Bb7 12. Re1 Nf4 13. f3 Nd3 14. Rf1 f5 15. Ng3 Bc5+ 16. Kh1 0-0 17. a4 a6 18. Na3 Bd5 19. a5 Ba7 20. Nc2 Nf2+ 21. Kg1 Nd3+ 22. Kh1 Bb7 23. Ne1 Rad8 24. Nxd3 Rxd3 25. Ne2 Rf6 26. Ra2 Rg6 27. Ra1 h5 28. Ng3 Rg5 29. Ne2 h4 30. h3 e4 31. f4 Rxh3+ 0-1

[Event "Figueres op 11th"]
[Site "Figueres"]
[Date "2010.08.16"]
[Round "7"]
[White "Asensio Graells, Ricard"]
[Black "Gonzalez Manchon, Juan Miguel"]
[Result "0-1"]
[WhiteElo "1489"]
[BlackElo "2110"]
[PlyCount "56"]
[EventDate "2010.08.11"]
[EventType "swiss"]
[EventRounds "9"]
[EventCountry "ESP"]
[SourceTitle "CBM 137 Extra"]
[Source "ChessBase"]
[SourceDate "2010.09.01"]
[SourceVersion "1"]
[SourceVersionDate "2010.09.01"]
[SourceQuality "1"]

1. Nf3 d5 2. d3 Nf6 3. Nbd2 g6 4. e4 Bg7 5. g3 0-0 6. Bg2 Nbd7 7. 0-0 c6 8. Re1 a5 9. e5 Ng4 10. d4 e6 11. h3 Nh6 12. Nf1 f5 13. Bf4 Nf7 14. Qd2 h6 15. h4 Kh7 16. N1h2 c5 17. c3 cxd4 18. cxd4 Rg8 19. Bh3 Bf8 20. a3 Nb6 21. Kh1 Nc4 22. Qc1 a4 23. Rg1 Ra6 24. Bf1 b5 25. Bxc4 dxc4 26. g4 Bb7 27. Rg3 Qxh4 28. Qg1 fxg4 0-1

[Event "Figueres op 11th"]
[Site "Figueres"]
[Date "2010.08.15"]
[Round "6"]
[White "Gonzalez Manchon, Juan Miguel"]
[Black "Vazquez Montreal, Enric"]
[Result "1-0"]
[WhiteElo "2110"]
[BlackElo "1678"]
[PlyCount "65"]
[EventDate "2010.08.11"]
[EventType "swiss"]
[EventRounds "9"]
[EventCountry "ESP"]
[SourceTitle "CBM 137 Extra"]
[Source "ChessBase"]
[SourceDate "2010.09.01"]
[SourceVersion "1"]
[SourceVersionDate "2010.09.01"]
[SourceQuality "1"]

1. d4 Nf6 2. c4 g6 3. Nc3 Bg7 4. e4 d6 5. f3 0-0 6. Be3 Nbd7 7. Nge2 e5 8. d5 a6 9. Qd2 Ne8 10. g4 Rb8 11. Ng3 Ndf6 12. 0-0-0 Bd7 13. g5 Nh5 14. Nxh5 gxh5 15. h4 f5 16. gxf6 Nxf6 17. Ne2 b5 18. c5 dxc5 19. Bxc5 Rf7 20. Qg5 Qe8 21. Kb1 b4 22. Ng3 Bc8 23. d6 cxd6 24. Rxd6 Be6 25. Nf5 Bxa2+ 26. Kxa2 Qa4+ 27. Kb1 b3 28. Nh6+ Kh8 29. Nxf7+ Kg8 30. Rxa6 Qd7 31. Bc4 Qc7 32. Nxe5+ Kh8 33. Rg1 1-0

[Event "Figueres op 11th"]
[Site "Figueres"]
[Date "2010.08.12"]
[Round "2"]
[White "Gonzalez Manchon, Juan Miguel"]
[Black "Martinez Duany, Lelys Stanley"]
[Result "0-1"]
[WhiteElo "2110"]
[BlackElo "2510"]
[PlyCount "74"]
[EventDate "2010.08.11"]
[EventType "swiss"]
[EventRounds "9"]
[EventCountry "ESP"]
[SourceTitle "CBM 137 Extra"]
[Source "ChessBase"]
[SourceDate "2010.09.01"]
[SourceVersion "1"]
[SourceVersionDate "2010.09.01"]
[SourceQuality "1"]

1. d4 Nf6 2. c4 d6 3. Nc3 Nbd7 4. g3 e5 5. Bg2 c6 6. Nf3 Be7 7. 0-0 0-0 8. Qc2 Qa5 9. Bd2 Qa6 10. b3 Re8 11. a4 Bf8 12. a5 e4 13. Ng5 d5 14. c5 g6 15. e3 Bh6 16. h4 Nf8 17. Rfe1 b5 18. axb6 Qb7 19. Rxa7 Rxa7 20. bxa7 Qxa7 21. b4 Qd7 22. b5 cxb5 23. Qb3 b4 24. Qxb4 Bxg5 25. hxg5 Ng4 26. Ra1 Qf5 27. Be1 Ne6 28. Nb5 Qxg5 29. Nd6 Rf8 30. Ra8 Qh5 31. Rxc8 Rxc8 32. Nxc8 Ng5 33. Ne7+ Kg7 34. Qb8 Nf3+ 35. Kf1 Ngh2+ 36. Ke2 Nxd4+ 37. Kd2 Qe2+ 0-1

[Event "Figueres op 10th"]
[Site "Figueres"]
[Date "2009.08.07"]
[Round "8"]
[White "Serra Labrador, Carles"]
[Black "Gonzalez Manchon, Juan Miguel"]
[Result "0-1"]
[WhiteElo "2006"]
[BlackElo "2069"]
[PlyCount "110"]
[EventDate "2009.08.01"]
[EventType "swiss"]
[EventRounds "9"]
[EventCountry "ESP"]
[SourceTitle "EXT 2010"]
[Source "ChessBase"]
[SourceDate "2010.11.25"]
[SourceVersion "1"]
[SourceVersionDate "2010.11.25"]
[SourceQuality "1"]

1. d4 d5 2. c4 c6 3. cxd5 cxd5 4. Nc3 Nc6 5. Nf3 Nf6 6. Bf4 a6 7. e3 e6 8. Bd3 Be7 9. 0-0 Nh5 10. Bg3 Nxg3 11. hxg3 0-0 12. Rc1 Bd7 13. a3 Na5 14. Qe2 b5 15. e4 dxe4 16. Nxe4 Bc6 17. b4 Nc4 18. Bxc4 bxc4 19. Ne5 Bb7 20. Rfd1 a5 21. Nc5 Bd5 22. Nxc4 axb4 23. axb4 Rb8 24. Rb1 Bc6 25. Ne5 Bb5 26. Qe4 Qc7 27. Rdc1 Qd6 28. Ra1 Rfd8 29. Rd1 Qb6 30. g4 Be8 31. Rdb1 Bf6 32. Nf3 Bc6 33. Qf4 Bxf3 34. Qxf3 Bxd4 35. Ra6 Qb5 36. Rc6 Bxc5 37. Rxc5 Qxc5 38. bxc5 Rxb1+ 39. Kh2 Rc8 40. Qa3 Rb5 41. c6 Rb6 42. c7 Rb7 43. Qa6 Rbxc7 44. f4 Rc4 45. f5 e5 46. g5 g6 47. f6 e4 48. Qa3 Rc3 49. Qd6 Re8 50. Qf4 e3 51. Qh4 Kh8 52. Qh6 Rg8 53. Kg3 e2+ 54. Kf2 Re3 55. Ke1 Re6 0-1

[Event "Figueres op 10th"]
[Site "Figueres"]
[Date "2009.08.05"]
[Round "6"]
[White "Diaz Munoz, Sergi"]
[Black "Gonzalez Manchon, Juan Miguel"]
[Result "0-1"]
[WhiteElo "1990"]
[BlackElo "2069"]
[PlyCount "90"]
[EventDate "2009.08.01"]
[EventType "swiss"]
[EventRounds "9"]
[EventCountry "ESP"]
[SourceTitle "EXT 2010"]
[Source "ChessBase"]
[SourceDate "2010.11.25"]
[SourceVersion "1"]
[SourceVersionDate "2010.11.25"]
[SourceQuality "1"]

1. e4 e5 2. Nf3 Nc6 3. Nc3 Nf6 4. g3 Bc5 5. Bg2 0-0 6. 0-0 d6 7. d3 a6 8. h3 h6 9. Kh2 Be6 10. Be3 Bxe3 11. fxe3 g5 12. Nd2 Ne8 13. Nd5 Ne7 14. Qh5 Bxd5 15. exd5 Ng7 16. Qg4 f5 17. Qb4 Qd7 18. c4 b6 19. d4 e4 20. Rf2 a5 21. Qc3 Nh5 22. Raf1 Ng6 23. Qc2 Rae8 24. Qd1 Nxg3 25. Kxg3 f4+ 26. Kh2 f3 27. Nxf3 exf3 28. Rxf3 Rxf3 29. Qxf3 Nh4 30. Qf6 Qg7 31. Qf2 Qe7 32. Re1 Rf8 33. Qe2 Kg7 34. e4 Rf4 35. e5 Rxd4 36. e6 Rf4 37. Rf1 Ng6 38. Be4 Qf6 39. Bd3 Rxf1 40. Qxf1 Qxb2+ 41. Qe2 Qxe2+ 42. Bxe2 Nf4 43. Bf1 Kf6 44. Kg3 b5 45. Kf3 bxc4 0-1

[Event "Figueres op 10th"]
[Site "Figueres"]
[Date "2009.08.02"]
[Round "3"]
[White "Gonzalez Manchon, Juan Miguel"]
[Black "Cuadras Avellana, Jordi"]
[Result "0-1"]
[WhiteElo "2069"]
[BlackElo "2331"]
[PlyCount "62"]
[EventDate "2009.08.01"]
[EventType "swiss"]
[EventRounds "9"]
[EventCountry "ESP"]
[SourceTitle "EXT 2010"]
[Source "ChessBase"]
[SourceDate "2010.11.25"]
[SourceVersion "1"]
[SourceVersionDate "2010.11.25"]
[SourceQuality "1"]

1. d4 Nf6 2. c4 e6 3. Nc3 Bb4 4. e3 0-0 5. Nge2 d5 6. a3 Be7 7. Ng3 Re8 8. Bd3 c5 9. 0-0 Nc6 10. dxc5 Bxc5 11. b4 Bf8 12. Bb2 a5 13. Nb5 dxc4 14. Bxc4 axb4 15. Bxf6 Qxf6 16. Nc7 Rd8 17. Nxa8 Rxd1 18. Raxd1 bxa3 19. Nb6 Na7 20. Rc1 Qd8 21. Nxc8 Qxc8 22. Rfd1 Qe8 23. Ne2 Qa4 24. Nd4 g6 25. Bb3 Qa5 26. Rc4 Bc5 27. Nc2 Nc6 28. g3 Ne5 29. Ra4 Qc3 30. Rb1 Nf3+ 31. Kg2 Nd2 0-1

[Event "Extremadura-chT"]
[Site "Spain"]
[Date "2009.03.21"]
[Round "9.1"]
[White "Gonzalez Manchon, Juan Miguel"]
[Black "Van den Berg, Imme Pieter"]
[Result "1-0"]
[WhiteElo "2074"]
[BlackElo "1992"]
[PlyCount "80"]
[EventDate "2009.01.17"]
[EventType "team-swiss"]
[EventRounds "9"]
[EventCountry "ESP"]
[SourceTitle "EXT 2011"]
[Source "ChessBase"]
[SourceDate "2010.11.26"]
[SourceVersion "1"]
[SourceVersionDate "2010.11.26"]
[SourceQuality "1"]
[WhiteTeam "Puerta Palmas"]
[BlackTeam "Tierra de Barros"]
[WhiteTeamCountry "ESP"]
[BlackTeamCountry "ESP"]

1. d4 d5 2. c4 c6 3. cxd5 cxd5 4. Nc3 Nf6 5. Bf4 Nc6 6. Nf3 Bf5 7. e3 e6 8. Qb3 Qb6 9. Qxb6 axb6 10. Bb5 Bb4 11. 0-0 Bxc3 12. bxc3 0-0 13. Rfc1 Rfc8 14. Nd2 h6 15. f3 Na5 16. Kf2 g5 17. Be5 Ne8 18. e4 Bg6 19. a4 Nc6 20. Bg3 f5 21. exf5 exf5 22. Bd3 Kf7 23. Be5 Nxe5 24. dxe5 f4 25. Bxg6+ Kxg6 26. Rab1 Rxa4 27. Rxb6+ Rc6 28. Rxb7 Ra2 29. Ke2 Re6 30. Kd1 Rxe5 31. c4 dxc4 32. Rxc4 Nd6 33. Rb6 Rd5 34. Rc2 Ra1+ 35. Ke2 Kf5 36. g4+ fxg3 37. hxg3 Nb5 38. Nb3 Rad1 39. Kf2 Rd8 40. g4+ Kf4 1-0

[Event "Extremadura-chT"]
[Site "Spain"]
[Date "2009.03.14"]
[Round "8.1"]
[White "Coutinho Pereira dos Sant, Luis M"]
[Black "Gonzalez Manchon, Juan Miguel"]
[Result "1-0"]
[WhiteElo "2396"]
[BlackElo "2074"]
[PlyCount "92"]
[EventDate "2009.01.17"]
[EventType "team-swiss"]
[EventRounds "9"]
[EventCountry "ESP"]
[SourceTitle "EXT 2011"]
[Source "ChessBase"]
[SourceDate "2010.11.26"]
[SourceVersion "1"]
[SourceVersionDate "2010.11.26"]
[SourceQuality "1"]
[WhiteTeam "Almendralejo"]
[BlackTeam "Puerta Palmas"]
[WhiteTeamCountry "ESP"]
[BlackTeamCountry "ESP"]

1. c4 e5 2. Nc3 f5 3. d4 e4 4. Nh3 Nf6 5. Bg5 Be7 6. e3 c6 7. Nf4 0-0 8. h4 Na6 9. c5 Nc7 10. Bc4+ Kh8 11. h5 h6 12. Ng6+ Kh7 13. Nxf8+ Qxf8 14. Bf4 Ne6 15. Be5 Ng4 16. Bg3 d6 17. cxd6 Bxd6 18. Bxd6 Qxd6 19. Be2 Nf6 20. Qc2 Nc7 21. 0-0-0 Be6 22. Kb1 Qb4 23. g4 a6 24. gxf5 Bxf5 25. f3 Nb5 26. Bxb5 axb5 27. fxe4 Nxe4 28. Nxe4 Qe7 29. Nf6+ Qxf6 30. e4 Be6 31. e5+ Qf5 32. a3 b4 33. Rd3 Bd5 34. Rf1 Qe4 35. Re3 Qxc2+ 36. Kxc2 bxa3 37. Rxa3 Rd8 38. Ra7 Rd7 39. Rf8 Bf7 40. Rb8 Bxh5 41. Rbxb7 Rxb7 42. Rxb7 Kg6 43. d5 cxd5 44. Kd3 Kf5 45. Kd4 g5 46. Rb6 Bg6 1-0

[Event "Extremadura-chT"]
[Site "Spain"]
[Date "2009.02.28"]
[Round "6.1"]
[White "Perez Candelario, Manuel"]
[Black "Gonzalez Manchon, Juan Miguel"]
[Result "1-0"]
[WhiteElo "2513"]
[BlackElo "2074"]
[PlyCount "67"]
[EventDate "2009.01.17"]
[EventType "team-swiss"]
[EventRounds "9"]
[EventCountry "ESP"]
[SourceTitle "EXT 2011"]
[Source "ChessBase"]
[SourceDate "2010.11.26"]
[SourceVersion "1"]
[SourceVersionDate "2010.11.26"]
[SourceQuality "1"]
[WhiteTeam "Extremadura Magic"]
[BlackTeam "Puerta Palmas"]
[WhiteTeamCountry "ESP"]
[BlackTeamCountry "ESP"]

1. e4 e5 2. Nf3 Nc6 3. Bb5 a6 4. Ba4 Nf6 5. 0-0 d6 6. Re1 b5 7. Bb3 Be7 8. c3 0-0 9. h3 Na5 10. Bc2 c5 11. d4 Bb7 12. d5 Nc4 13. a4 Nb6 14. b3 bxa4 15. bxa4 Nc4 16. Nfd2 Na5 17. Na3 Rb8 18. Ndc4 Bc8 19. Bd2 Ne8 20. Nxa5 Qxa5 21. Rb1 Rxb1 22. Qxb1 g6 23. Nc4 Qc7 24. Qb6 f5 25. Bh6 Qxb6 26. Nxb6 Ng7 27. Rb1 fxe4 28. Nxc8 Rxc8 29. Bxe4 Bd8 30. Rb7 Ne8 31. Bf3 Bc7 32. Bg4 Rb8 33. Be6+ Kh8 34. Ra7 1-0

[Event "Extremadura-chT"]
[Site "Spain"]
[Date "2009.02.14"]
[Round "5.1"]
[White "Gonzalez Manchon, Juan Miguel"]
[Black "Galan Martin, Pedro Juan"]
[Result "0-1"]
[WhiteElo "2074"]
[BlackElo "2104"]
[PlyCount "74"]
[EventDate "2009.01.17"]
[EventType "team-swiss"]
[EventRounds "9"]
[EventCountry "ESP"]
[SourceTitle "EXT 2011"]
[Source "ChessBase"]
[SourceDate "2010.11.26"]
[SourceVersion "1"]
[SourceVersionDate "2010.11.26"]
[SourceQuality "1"]
[WhiteTeam "Puerta Palmas"]
[BlackTeam "Ateneo Cacereno"]
[WhiteTeamCountry "ESP"]
[BlackTeamCountry "ESP"]

1. d4 e6 2. Nf3 Nf6 3. g3 d5 4. Bg2 Be7 5. 0-0 0-0 6. c4 dxc4 7. Nc3 Nbd7 8. e4 c5 9. d5 exd5 10. exd5 Bd6 11. a4 a6 12. Nd2 Ne5 13. f4 Bg4 14. Qc2 Nd3 15. Nxc4 Nb4 16. Qb1 Re8 17. Bd2 Bc7 18. h3 Bh5 19. g4 Bxg4 20. hxg4 Nxg4 21. Ne5 Bxe5 22. fxe5 Qh4 23. Bf4 g5 24. Qf5 gxf4 25. Qxf4 Nd3 26. Qxf7+ Kh8 27. Rf3 Qh2+ 28. Kf1 Rf8 29. Qxf8+ Rxf8 30. Rxf8+ Kg7 31. Rf3 Ndxe5 32. Rh3 Qf4+ 33. Kg1 Qd4+ 34. Kh1 Nf2+ 35. Kh2 Neg4+ 36. Kg3 Qe3+ 37. Bf3 Ne5 0-1

[Event "Figueres op 09th"]
[Site "Figueres"]
[Date "2008.08.06"]
[Round "6"]
[White "Casanellas Ruano, Lluis"]
[Black "Gonzalez Manchon, Juan Miguel"]
[Result "0-1"]
[WhiteElo "2147"]
[BlackElo "2065"]
[PlyCount "108"]
[EventDate "2008.08.02"]
[EventType "swiss"]
[EventRounds "9"]
[EventCountry "ESP"]
[SourceTitle "CBM 125 Extra"]
[Source "ChessBase"]
[SourceDate "2008.09.01"]
[SourceVersion "1"]
[SourceVersionDate "2008.09.01"]
[SourceQuality "1"]

1. d4 Nf6 2. c4 e5 3. dxe5 Ng4 4. Bf4 Nc6 5. Nf3 Bb4+ 6. Nbd2 Qe7 7. e3 Ngxe5 8. Nxe5 Nxe5 9. Be2 g5 10. Bg3 h5 11. h4 g4 12. a3 Bd6 13. b4 b6 14. Ne4 Bb7 15. Qd4 Bxe4 16. Qxe4 Nc6 17. Qxe7+ Kxe7 18. Bxd6+ cxd6 19. 0-0-0 Ne5 20. Rd4 Rh6 21. f3 gxf3 22. gxf3 a5 23. b5 Rg8 24. f4 Ng4 25. Rg1 f5 26. Kd2 Rgg6 27. Rd5 Nf6 28. Rxg6 Rxg6 29. Rxf5 Ke6 30. Rg5 Ne4+ 31. Kd3 Nxg5 32. hxg5 h4 33. Bg4+ Ke7 34. Ke4 Rg8 35. Bh3 Rc8 36. Kd4 Rc5 37. e4 Rc8 38. f5 Rg8 39. g6 Rc8 40. a4 Rc5 41. g7 Rc8 42. e5 dxe5+ 43. Kxe5 d6+ 44. Kd5 Rc5+ 45. Kd4 Kf7 46. f6 Rg5 47. Ke4 Kxf6 48. g8Q Rxg8 49. Kd5 Rg3 50. Bc8 Rc3 51. Bb7 h3 52. Kxd6 Rxc4 53. Bc6 h2 54. Ba8 Kg5 0-1

[Event "Extremadura-chT"]
[Site "Spain"]
[Date "2008.02.16"]
[Round "5.3"]
[White "Vitor, Antonio Pedro Caste"]
[Black "Gonzalez Manchon, Juan Miguel"]
[Result "1-0"]
[WhiteElo "2376"]
[BlackElo "2085"]
[PlyCount "49"]
[EventDate "2008.01.19"]
[EventType "team-swiss"]
[EventRounds "9"]
[EventCountry "ESP"]
[SourceTitle "EXT 2011"]
[Source "ChessBase"]
[SourceDate "2010.11.26"]
[SourceVersion "1"]
[SourceVersionDate "2010.11.26"]
[SourceQuality "1"]
[WhiteTeam "Extremadura Magic"]
[BlackTeam "Puerta Palmas"]
[WhiteTeamCountry "ESP"]
[BlackTeamCountry "ESP"]

1. Nf3 d5 2. d4 Nf6 3. c4 c6 4. e3 Bf5 5. Nc3 e6 6. Nh4 Be4 7. f3 Bg6 8. Qb3 Qc7 9. Bd2 Nbd7 10. 0-0-0 a6 11. cxd5 exd5 12. Nxg6 hxg6 13. Kb1 b5 14. h3 Nb6 15. e4 Be7 16. Bd3 0-0 17. h4 Nc4 18. h5 Nxd2+ 19. Rxd2 Qf4 20. Rdd1 g5 21. e5 c5 22. Ne2 c4 23. Nxf4 cxb3 24. exf6 bxa2+ 25. Kxa2 1-0

[Event "Extremadura-chT"]
[Site "Spain"]
[Date "2008.02.02"]
[Round "3.2"]
[White "Sanchez Tinoco, Sergio"]
[Black "Gonzalez Manchon, Juan Miguel"]
[Result "0-1"]
[WhiteElo "1712"]
[BlackElo "2085"]
[PlyCount "50"]
[EventDate "2008.01.19"]
[EventType "team-swiss"]
[EventRounds "9"]
[EventCountry "ESP"]
[SourceTitle "EXT 2011"]
[Source "ChessBase"]
[SourceDate "2010.11.26"]
[SourceVersion "1"]
[SourceVersionDate "2010.11.26"]
[SourceQuality "1"]
[WhiteTeam "Santa Isabel"]
[BlackTeam "Puerta Palmas"]
[WhiteTeamCountry "ESP"]
[BlackTeamCountry "ESP"]

1. e4 e5 2. d4 exd4 3. Qxd4 Nc6 4. Qe3 Nf6 5. Nc3 g6 6. Bc4 Bg7 7. Bd2 0-0 8. Nge2 d6 9. h3 Re8 10. 0-0-0 a6 11. Bd5 Ne5 12. f4 Nxd5 13. exd5 Nc4 14. Qf3 b5 15. b3 Nxd2 16. Rxd2 c5 17. dxc6 Qa5 18. Nd4 Qb4 19. Nb1 Bf5 20. Qc3 Qxc3 21. Nxc3 Rac8 22. Nxf5 Bxc3 23. Rd3 Rxc6 24. Rxd6 Rxd6 25. Nxd6 Re7 0-1

[Event "Extremadura-chT"]
[Site "Spain"]
[Date "2007.02.10"]
[Round "4.3"]
[White "Gonzalez Manchon, Juan Miguel"]
[Black "Garcia Ortega Mendez, Jose Manuel"]
[Result "0-1"]
[WhiteElo "2113"]
[BlackElo "2088"]
[PlyCount "78"]
[EventDate "2007.01.20"]
[EventType "team-swiss"]
[EventRounds "7"]
[EventCountry "ESP"]
[SourceTitle "EXT 2011"]
[Source "ChessBase"]
[SourceDate "2010.11.26"]
[SourceVersion "1"]
[SourceVersionDate "2010.11.26"]
[SourceQuality "1"]
[WhiteTeam "Circulo Pacense"]
[BlackTeam "Cuna Ajoblanco"]
[WhiteTeamCountry "ESP"]
[BlackTeamCountry "ESP"]

1. d4 Nf6 2. c4 e6 3. g3 d5 4. Bg2 dxc4 5. Nf3 Be7 6. Qa4+ Nbd7 7. Qxc4 a6 8. 0-0 b5 9. Qc2 Bb7 10. a4 0-0 11. Bf4 c5 12. axb5 axb5 13. Rxa8 Qxa8 14. Na3 Qa6 15. dxc5 Bxc5 16. Ne5 Bxg2 17. Kxg2 Bxa3 18. Nxd7 Nxd7 19. bxa3 Qxa3 20. Rd1 Nf6 21. e4 Qa8 22. f3 Rc8 23. Qb2 Qa4 24. Qc3 Qa8 25. Qd4 Qc6 26. Rc1 Qe8 27. Rd1 Rc2+ 28. Kh3 Nh5 29. Bc1 f5 30. Qd8 Qxd8 31. Rxd8+ Kf7 32. Ba3 fxe4 33. fxe4 Nf6 34. Rf8+ Kg6 35. Rb8 Nxe4 36. Rxb5 Ng5+ 37. Kh4 Rxh2+ 38. Kg4 h5+ 39. Kf4 Rf2+ 0-1

[Event "Extremadura-chT"]
[Site "Spain"]
[Date "2007.01.20"]
[Round "1.3"]
[White "Asensio Diaz, Juan Luis"]
[Black "Gonzalez Manchon, Juan Miguel"]
[Result "1/2-1/2"]
[WhiteElo "1865"]
[BlackElo "2113"]
[PlyCount "93"]
[EventDate "2007.01.20"]
[EventType "team-swiss"]
[EventRounds "7"]
[EventCountry "ESP"]
[SourceTitle "EXT 2011"]
[Source "ChessBase"]
[SourceDate "2010.11.26"]
[SourceVersion "1"]
[SourceVersionDate "2010.11.26"]
[SourceQuality "1"]
[WhiteTeam "Casareno"]
[BlackTeam "Circulo Pacense"]
[WhiteTeamCountry "ESP"]
[BlackTeamCountry "ESP"]

1. e4 e5 2. Nf3 Nc6 3. Bb5 a6 4. Ba4 Nf6 5. 0-0 Be7 6. Re1 b5 7. Bb3 d6 8. c3 0-0 9. h3 Na5 10. Bc2 c5 11. d4 Bb7 12. a4 cxd4 13. cxd4 Rc8 14. axb5 axb5 15. Nbd2 Qc7 16. Bb1 Rfe8 17. Nb3 Nc4 18. Nfd2 Ra8 19. Rxa8 Rxa8 20. Qc2 Qb6 21. Nf3 h6 22. d5 Rc8 23. Qe2 Kh7 24. Be3 Nxe3 25. Qxe3 Qxe3 26. Rxe3 Bd8 27. Rc3 Bb6 28. Nfd2 Ra8 29. Bd3 Ra2 30. Rc2 Nh5 31. Bxb5 Nf4 32. Nc4 Ba6 33. Bxa6 Rxa6 34. Nxd6 Bxf2+ 35. Kxf2 Rxd6 36. Rc6 Rd8 37. Nc5 f5 38. d6 fxe4 39. Nxe4 Nd3+ 40. Ke3 Nxb2 41. Nc5 Nc4+ 42. Ke4 Nxd6+ 43. Kxe5 Nf7+ 44. Kf4 Rd4+ 45. Ke3 Rc4 46. Rc7 Nd6 47. Kd3 1/2-1/2

[Event "Extremadura-chT"]
[Site "Spain"]
[Date "2006.03.11"]
[Round "6"]
[White "Gonzalez Manchon, Juan Miguel"]
[Black "Velez Saavedra, Antonio L"]
[Result "1/2-1/2"]
[WhiteElo "2112"]
[BlackElo "2062"]
[PlyCount "117"]
[EventDate "2006.02.04"]
[EventType "team"]
[EventRounds "9"]
[EventCountry "ESP"]
[SourceTitle "EXT 2007"]
[Source "ChessBase"]
[SourceDate "2006.11.23"]
[SourceVersion "1"]
[SourceVersionDate "2006.11.23"]
[SourceQuality "1"]

1. d4 d5 2. c4 Bf5 3. cxd5 Bxb1 4. Qa4+ Qd7 5. Qxd7+ Nxd7 6. Rxb1 Ngf6 7. Nf3 Nxd5 8. e3 g6 9. Bc4 N5b6 10. Be2 Bg7 11. 0-0 0-0 12. b3 e5 13. Rd1 c6 14. a4 a5 15. Ba3 Rfd8 16. dxe5 Nxe5 17. Nxe5 Bxe5 18. Bf3 Bc7 19. Kf1 Rxd1+ 20. Rxd1 Rd8 21. Ke1 f6 22. Rxd8+ Bxd8 23. g4 Nd7 24. Be2 Bc7 25. h3 Nb6 26. Bf3 Kf7 27. Kd2 Ke6 28. Bb2 Nd7 29. Bc3 Nc5 30. Kc2 Bd8 31. Be2 Kd5 32. f3 Nd7 33. Bc4+ Kc5 34. f4 b5 35. Bd4+ Kb4 36. Bc3+ Kc5 37. Be6 Nf8 38. Bc8 Kd6 39. Ba6 Kc5 40. Bd4+ Kb4 41. Bc3+ Kc5 42. Bd4+ Kb4 43. Kb2 Ne6 44. Bc3+ Kc5 45. Bd4+ Kb4 46. Bc3+ Kc5 47. Bc8 Nf8 48. Kc2 Kd5 49. Kd3 Ne6 50. e4+ Kd6 51. Bxe6 Kxe6 52. f5+ Kd6 53. h4 Ke7 54. Bd4 Bc7 55. Bc5+ Kf7 56. Ba7 h5 57. gxh5 gxh5 58. Bf2 Ke7 59. Be1 1/2-1/2

[Event "Extremadura-chT"]
[Site "Spain"]
[Date "2006.03.04"]
[Round "5"]
[White "Cabezas Ayala, Ivan"]
[Black "Gonzalez Manchon, Juan Miguel"]
[Result "1-0"]
[WhiteElo "2337"]
[BlackElo "2112"]
[PlyCount "97"]
[EventDate "2006.02.04"]
[EventType "team"]
[EventRounds "9"]
[EventCountry "ESP"]
[SourceTitle "EXT 2007"]
[Source "ChessBase"]
[SourceDate "2006.11.23"]
[SourceVersion "1"]
[SourceVersionDate "2006.11.23"]
[SourceQuality "1"]

1. e4 e5 2. Nf3 Nc6 3. Bb5 a6 4. Ba4 Nf6 5. 0-0 Be7 6. Re1 b5 7. Bb3 d6 8. c3 0-0 9. h3 Na5 10. Bc2 c5 11. d4 Bb7 12. Nbd2 cxd4 13. cxd4 exd4 14. Nxd4 Re8 15. Nf1 Bf8 16. Ng3 d5 17. e5 Ne4 18. Nxe4 dxe4 19. Bxe4 Bxe4 20. Rxe4 Nc6 21. Be3 Qd5 22. Rh4 Nxe5 23. Qh5 h6 24. Nf5 Qe6 25. Rd1 Rad8 26. Rhd4 Rxd4 27. Bxd4 Kh7 28. Ne3 g6 29. Qh4 Qxa2 30. f4 Nc6 31. Ng4 Re6 32. f5 gxf5 33. Nf6+ Rxf6 34. Bxf6 Qe6 35. Re1 Qd5 36. Qg3 Nd4 37. Re8 Ne6 38. Kh2 Qd6 39. Be5 Qc5 40. Ra8 f6 41. Bxf6 Ng5 42. Be5 Ne4 43. Qf4 Qxe5 44. Qxe5 Bd6 45. Ra7+ Kg8 46. Qxd6 Nxd6 47. Rxa6 Nc4 48. b4 Kg7 49. Rc6 1-0